English Speaking Cities - Sudden Death - Statistics

General Stats
  • This quiz has been taken 305 times
  • The average score is 14 of 28
Answers on the Grid
Answers color-coded by a green-red scale on the quiz's grid according to % correct below.
Delhi
St. John's
Washington D.C.
Perth
Auckland
Birmingham
Berlin
Belize City
Port Moresby
Paramaribo
London
San Juan
Georgetown
Zurich
Kuala Lumpur
Malabo
Nassau
Sydney
Lagos
Singapore
Mumbai
Dublin
Port Vila
Dallas
Apia
New Orleans
Dakar
Manchester
Tarawa
Kingston
Orléans
Orlando
Christchurch
Melbourne
Quebec City
Los Angeles
Wellington
Dunedin
El Paso
Ottawa
Atlanta
Chicago
Brussels
Edinburgh
Amsterdam
Montreal
Seattle
Vancouver
 
Answer Stats
Answer % Correct
Washington D.C.
82%
Auckland
78%
Birmingham
78%
Perth
76%
London
70%
Sydney
61%
Los Angeles
55%
Manchester
54%
Dallas
53%
Orlando
52%
Melbourne
50%
Dublin
48%
Seattle
48%
Vancouver
47%
Edinburgh
46%
New Orleans
46%
Wellington
46%
Atlanta
44%
St. John's
44%
Chicago
43%
Belize City
42%
Ottawa
42%
Christchurch
41%
Kingston
31%
Georgetown
30%
Nassau
30%
Dunedin
21%
Singapore
17%
No matching quizzes found
Score Distribution
Percent of People with Each Score
Percentile by Number Answered
Your Score History
You have not taken this quiz